| 000 | 01295cam a22002294a 4500 | ||
|---|---|---|---|
| 005 | 20250605163942.0 | ||
| 008 | 250528s ||||||||||||||||||||||||d | ||
| 035 | _a15085 | ||
| 020 | _a70110263 | ||
| 040 |
_aGR-AtMCL _bgre _dGR-AtMCL _eAACR2 |
||
| 245 | 1 | _aShaum's Outline of Theory and Problems of Cost Accounting / Third Edition | |
| 250 | _a3rd | ||
| 260 |
_bMcgraw Hill, Inc, _c1994 |
||
| 300 | _a230 | ||
| 520 | _aEach Out Life Series includes basic theory, definitions, and hundreds of carefully solved problems and supplementary problems. The Role and Concepts and Classifications of Cost Accounting, Costing and Control of Materials and Labor, Factory Overhead and the Factory Ledger, Job Order Cost System, Process Cost System, By-Product and Joint Product Costing, The Master Budget, Standard Costs and Gross Profit Analysis, Direct Costing and Break-Even Analysis and Cost-Volume-Profit Planning, Capital Budgeting, Relevant Costing in Decision Making and Performance Measurement, Decision Theory and Economic Order Quantity, Decentralized Operations and Responsibility Accounting and Transfer Pricing, Index. | ||
| 700 | 1 |
_aCashin James A _9892 |
|
| 700 | 1 |
_aHandy A. Sheila _9928 |
|
| 700 | 1 |
_aPolimeni S. Ralph _9929 |
|
| 942 | _cBK | ||
| 999 |
_c684 _d684 |
||